000 01157nam a2200313 i 4500
003 DO-SdBNP
005 20240418073801.0
007 ta
008 220615b2003 dr ||||| |||| 00| 0 spa d
020 _a9993494003
040 _aDO-SdBNP
_bspa
_cBNPHU
_erda
082 4 _a016.86097293
_bC697h
_222
100 1 _aCollado, Miguel A.,
_d1954-
_eautor
_924696
245 1 0 _aHistoria bibliográfica de la literatura infantil dominicana (1821-2002) /
_cMiguel Collado.
264 1 _aSanto Domingo :
_bBanco de Reservas,
_c2003.
300 _a136 páginas
_c23 cm.
336 _2rdacontent
_atexto
_btxt
337 _2rdamedia
_asin mediación
_bn
338 _2rdacarrier
_avolumen
_bnc
490 0 _aBanreservas
490 0 _aLiteratura
_v2
500 _aIncluye datos biográficos del autor en las solapas
500 _aIncluye referencias bibliográficas y notas al pie de las páginas
590 _aInventariado, 2022/BT
650 4 _aLiteratura infantil
_zRepública Dominicana
_vBibliografías
_981985
650 4 _aLiteratura infantil dominicana
_xHistoria y crítica
_981986
910 _aBtavárez-Validado. Control de calidad MFF
942 _2ddc
_cLBS1
999 _c52048
_d52048